In vitro cultivation of cryptosporidium parvum and study of the parasite's response to various drugs /
Saved in:
| Main Author: | |
|---|---|
| Format: | Thesis Book |
| Language: | English |
| Published: |
2005.
|
| Subjects: | |
| Tags: |
Add Tag
No Tags, Be the first to tag this record!
|
| LEADER | 00818cam a2200205 4500 | ||
|---|---|---|---|
| 001 | u708018 | ||
| 003 | SIRSI | ||
| 008 | 050620s2005 my 000 0 eng | ||
| 040 | |a UMP | ||
| 096 | |a QX4 |b UM 2005 Nuri | ||
| 100 | 0 | 0 | |a Nurulhuda Ismail. |
| 245 | 1 | 0 | |a In vitro cultivation of cryptosporidium parvum and study of the parasite's response to various drugs / |c Nurulhuda Ismail. |
| 260 | |a 2005. | ||
| 300 | |a vii, 106 leaves : |b ill. ; |c 30 cm. | ||
| 502 | |a Dissertation (M.Med.Sc.) -- Department of Parasitology, Faculty of Medicine, University of Malaya, 2005. | ||
| 504 | |a Bibliography: leaves 96-106. | ||
| 650 | 2 | |a Cryptosporidium parvum. | |
| 710 | 2 | 0 | |a UNiversiti Malaya. |b Jabatan Parasitologi. |
| 596 | |a 2 | ||
| 999 | |a QX4 UM 2005 NURI |w NLM |c 1 |i A502718269 |d 30/9/2005 |f 30/9/2005 |g 1 |l TESIS |m P02MEDKL |r Y |s Y |t TESIS |u 30/9/2005 | ||
